LEADER 02902nam a2200361 4500 001 000000339138 003 CaOOAMICUS 005 20200131123742.0 008 200131s17661771it a 000 u ita r 040 $aSeMil$bita 100 11$aValmont de Bomare, Jacques Christophe,$d<1731-1807>.$0(OLS)http://semarc/name/110848 240 10$aDictionnaire raisonné universel d'histoire naturelle.$0(OLS)http://semarc/title/427948 245 00$aDizionario ragionato universale d'istoria naturale contenente la storia degli animali, de' vegetabili e de' minerali, e quella de' corpi celesti, delle meteore, e degli altri principali fenomeni della natura. Con la storia, e la descrizione delle droghe semplici tratte dai tre regni; e l'esposizione de' loro usi nella medicina, nell'economia domestica e rusticale, e nelle arti, e mestieri. Del signor di Valmont di Bomare ... Traduzione dal francese in lingua toscana. Tomo 1. [-12.]. 264 1$aIn Venezia :$bAppresso Benedetto Milocco,$c1766-1771. 300 $a12 p. ;$c8° 650 4$aScienze naturali - Enciclopedie e dizionari.$0(OLS)http://semarc/subject/161 650 4$aScienze naturali - Ed. ante 1800.$0(OLS)http://semarc/subject/44717 700 1 $aMilocco, Benedetto,$c.$0(OLS)http://semarc/name/25072 774 0 $tTomo 1.$dIn Venezia : Appresso Benedetto Milocco, 1766.$w()339139 774 0 $tTomo 2.$dIn Venezia : Appresso Benedetto Milocco, 1767.$w()339140 774 0 $tTomo 3.$dIn Venezia : Appresso Benedetto Milocco, 1767.$w()339141 774 0 $tTomo 4.$dIn Venezia : Appresso Benedetto Milocco, 1768.$w()339142 774 0 $tTomo 5.$dIn Venezia : Appresso Benedetto Milocco, 1768.$w()339143 774 0 $tTomo 6.$dIn Venezia : Appresso Benedetto Milocco, 1768.$w()339144 774 0 $tTomo 7.$dIn Venezia : Appresso Benedetto Milocco, 1769.$w()339145 774 0 $tTomo 8.$dIn Venezia : Appresso Benedetto Milocco, 1769.$w()339146 774 0 $tTomo 9.$dIn Venezia : Appresso Benedetto Milocco, 1770.$w()339147 774 0 $tTomo 10.$dIn Venezia : Appresso Benedetto Milocco, 1770.$w()339148 774 0 $tTomo 11.$dIn Venezia : Appresso Benedetto Milocco, 1771.$w()339149 774 0 $tTomo 12.$dIn Venezia : Appresso Benedetto Milocco, 1771.$w()339150 996 $6245$aDizionario ragionato universale d'istoria naturale contenente la storia degli animali, de' vegetabili e de' minerali, e quella de' corpi celesti, delle meteore, e degli altri principali fenomeni della natura. Con la storia, e la descrizione delle droghe semplici tratte dai tre regni; e l'esposizione de' loro usi nella medicina, nell'economia domestica e rusticale, e nelle arti, e mestieri. Del signor di Valmont di Bomare ... Traduzione dal francese in lingua toscana. Tomo 1. [-12.]$9(OLS)http://semarc/title/427949 996 $6264$aIn Venezia :$bAppresso Benedetto Milocco$9(OLS)http://semarc/publisher/58814 LEADER 01225nam a2200265 i 4500 001 000000233325 003 CaOOAMICUS 005 20140918000000.0 008 140918s1903 it u000 u ita u 013 $a212228 040 $aSeMil$bita 100 1 $aNitti, Francesco Saverio <1868-1953>.$0(OLS)http://semarc/name/11386 245 10$aPrincipi di Scienza delle Finanze /$cDi Francesco S. Nitti Professore Ordinario di Scienza delle Finanze nella R. Università di Napoli. 246 04$iTitolo in copertina:$aScienza delle Finanze 260 $aNapoli :$bLuigi Pierro,$c1903. 300 $a842 p. ;$c20 cm. 490 0 $aManuali Pierro di scienze giuridiche e sociali 500 $aContiene : Appendice. 650 4$aScienza delle finanze - Manuali.$0(OLS)http://semarc/subject/41592 830 0$aManuali Pierro di scienze giuridiche e sociali.$0(OLS)http://semarc/title/32676 850 $aSeMil 852 $aSeMil$W1$xVenegono$y1$m3M I 6$j183671$B183671$CSeMilBibl$Z2$F194428 $81 996 $6245$aPrincipi di Scienza delle Finanze$9(OLS)http://semarc/title/332932 996 $6246$aScienza delle Finanze$9(OLS)http://semarc/title/332933 996 $6260$aNapoli :$bLuigi Pierro$9(OLS)http://semarc/publisher/36151